Diseño de un sistema de riego por goteo para el cultivo detomate (solanum lycopersicum) en la comunidad San Andrés del municipio de Terraboma departamento de Matagalpa

En el desarrollo de esta investigación se realizó el diseño de un sistema de riego por goteo para el cultivo de tomate (Solanum lycopersicum) en la comunidad San Andrés del municipio de Tarrabona departamento de Matagalpa, en el cual se realizó un análisis de las propiedades hidrofísicas del...

Full description

Bibliographic Details
Main Authors: Calderón Herrera, Joseling Idiana, Valle Solís, Deyvin José
Other Authors: Tutor: Mendez Ubeda, José Mamerto
Format: Tesis Section = Libro
Language:Undetermined
Spanish
Published: Managua UNI 2020
Subjects:
LEADER 01350nam a2200265Ia 4500
008 240830s9999 xx 000 0 und d
040 |a BIBLIOTECA-RUPAP Mon 631.587 C146 
041 |a spa 
082 |a Mon 631.587 C146 
100 1 |a Calderón Herrera, Joseling Idiana 
100 1 |b  Valle Solís, Deyvin José 
245 1 0 |a Diseño de un sistema de riego por goteo para el cultivo detomate (solanum lycopersicum) en la comunidad San Andrés del municipio de Terraboma departamento de Matagalpa 
260 |a Managua  |b UNI  |c 2020 
300 |a 82 p. :il. 
500 |a Contiene: anexos y CD 
502 |a Tesis (Ingeniero Agrícola)- UNI, 2020. 
520 3 |a En el desarrollo de esta investigación se realizó el diseño de un sistema de riego por goteo para el cultivo de tomate (Solanum lycopersicum) en la comunidad San Andrés del municipio de Tarrabona departamento de Matagalpa, en el cual se realizó un análisis de las propiedades hidrofísicas del suelo para un diseño optimo del sistema de riego, además, se determinaron los costos de instalación del sistema de riego por goteo 
650 7 |a RIEGO POR GOTEO 
650 7 |b SISTEMAS DE RIEGO-DISEÑO 
650 7 |c DISEÑO HIDRAULICO 
650 7 |d TOMATES-CULTIVOS 
700 1 |a Tutor:  |b Mendez Ubeda, José Mamerto 
942 |c BK  |2 ddc 
991 |a TESIS 
999 |c 16663